| 000 | 00435nam a2200157Ia 4500 | ||
|---|---|---|---|
| 003 | GCL | ||
| 008 | 140319s9999 xx 000 0 eng d | ||
| 040 |
_aGCL / _cGCL |
||
| 082 | 0 | 4 |
_a373 _bM S |
| 100 | 1 | _aMOORE, KENNETH D. | |
| 245 | 1 | 0 |
_aSecondary Instructional Methods / _cMOORE, KENNETH D. |
| 700 | 1 | _aQUINN, CHERI | |
| 260 |
_a[S.N] : _bW C B BROUN AND BENCHMSRK PUBBISHERS |
||
| 650 | 0 | 4 | _aHIGH SCHOOL PRICIPALS |
| 942 |
_2ddc _cBK |
||
| 999 |
_c16720 _d16720 |
||